header

3G CDMA2000 (Record no. 55148)

MARC details
000 -LEADER
fixed length control field 01268nam a2200325Ia 4500
100 1# - MAIN ENTRY--AUTHOR NAME
Personal name Yang, Samuel C.
245 10 - TITLE STATEMENT
Title 3G CDMA2000
260 ## - PUBLICATION, DISTRIBUTION, ETC. (IMPRINT)
Place of publication Boston :
Name of publisher Artech House,
Year of publication c2004.
300 ## - PHYSICAL DESCRIPTION
Number of Pages xvii, 255 p. :
Other physical details ill.
490 1# - SERIES STATEMENT
Series statement Artech House mobile communications library
650 #0 - SUBJECT ADDED ENTRY--TOPICAL TERM
Topical Term Wireless communication systems.
Topical Term Code division multiple access.
856 40 - ELECTRONIC LOCATION AND ACCESS
Uniform Resource Identifier http://site.ebrary.com/lib/rucke/Doc?id=10081991

No items available.

© 2026 Rongo University
Contact us: librarian | system librarian | Rongo university